U.S Presidents Who Were Impeached or Nearly Impeached - Statistics

General Stats
  • This quiz has been taken 284 times
    218 since last reset
  • The average score is 4 of 5
Answer Stats
Presidents % Correct
Donald Trump
97%
Bill Clinton
95%
Richard Nixon
81%
Andrew Johnson
70%
James Buchanan
23%
No matching quizzes found
Score Distribution
Percent of People with Each Score
Percentile by Number Answered
Your Score History
You have not taken this quiz since the last reset